01371cam a22003011 4500001001300000003000400013005001700017008004100034010001700075035001800092040002600110042001200136050002700148051001900175082000800194110007500202245013400277260007000411300002100481490005700502500010100559501019600660650002600856650002500882650002800907710005300935711008100988e 51000073 DLC20260227111234.0731214s1951 xx 000 0 eng  ae 51000073  a(OCoLC)760230 aDLCcOClUdOCoLCdDLC apremarc00aL111b.A6 1951, no. 22 aLB1027.5b.U55 a3731 aUnited States.bOffice of Education.bDivision of Secondary Education.10aLife adjustment education for every youth.cPrepared in the Division of Secondary Education and Division of Vocational Education. aWashington,bFederal Security Agency, Office of Education,c1951. aiv, 108p.c23cm.0 a[U.S. Office of Education] Bulletin, 1951,vno. 22 a"Report of the National Conference on Life Adjustment Education (Prosser resolution)": p. 15-39. aCopies 1 and 2 of L111.A6 with: School housing for physically handicapped children / Romaine Prior Mackie. Washington : Govt. Print. Off., 1951. Bound together subsequent to publication.5DLC 0aEducationxCongresses 0aEducation, Secondary 0aEducational counseling.1 aUnited States.bDivision of Vocational Education2 aNational Conference on Life Adjustment Educationd(1947 :cChicago)tReport.